01363nam a2200337Ia 4500003000400000005001700004008003700021020001800058040003500076041000800111082001300119100002400132245006400156250002200220264003300242300002500275336002700300337003300327338002800360650005000388650003800438650004300476650004600519650004500565700005200610700004200662942001000704999001700714952014700731952014700878OSt20210113133712.0171002s2011 c g 000 p s a9789583033179 aCO-BoRNBPbspaerdacCO-BoRNBP aspa 2APaECHA 4Echavarria, Rogelio 0aAntología de la poesía colombianacRogelio Echavarría aSegunda edición aBogotábPanamericanac2011 a689 páginasc24 cm atextobtxt2rdacontent asin mediaciónbn2rdamedia avolumenbnc2rdacarrier142LEMBaPoesía colombianavColecciones918593142LEMBaLiteratura colombiana92813142LEMBaEmociones en la literatura97539142LEMBaImaginación en la literatura9505142LEMBaNaturaleza en la literatura9114401 aEchavarría, Rogeliod1962-ecompilador9980251 aMonsalve, Ernestoefotógrafo998026 cBKLIT c12769d12769 00102ddc40708LAaBPMOSbBPMOSd2021-01-13eCompraintl1oAP ECHApMOS500433r2023-12-19s2023-04-24tej 1w2021-01-13yBKLITzQuince dias 00102ddc40708LAaBPMOSbBPMOSd2021-01-13eCompraintl3oAP ECHApMOS500434r2022-07-30s2022-07-23tej 2w2021-01-13yBKLITzQuince dias